00470nam a2200145Ia 4500003000900000008004100009020001800050040001600068080001500084100002500099245013900124260003500263300001300298650001300311IN-BaIIA211028s9999 xx 000 0 eng d a81-7224-727-3 cIIA Library a524.8bTAG aTagore, Rabindranath 0aOur universebtranslated from the original Bengali of Rabindranath TagorecRabindranath Tagore  aMumbaibJaico Publishingc1999 axi, 99p. aUniverse